Infidelity /
Saved in:
| Main Author: | |
|---|---|
| Format: | Book |
| Language: | English |
| Published: |
New York :
Harrington Pleasure Press,
[1998]
|
| Tags: |
No Tags, Be the first to tag this record!
|
MARC
| LEADER | 00000nam a22000007i 4500 | ||
|---|---|---|---|
| 001 | IT\ICCU\UBO\2191159 | ||
| 003 | ItRI | ||
| 005 | 20260115231821.0 | ||
| 008 | 030519s1998 xxu|||||| ||||| |||||c | ||
| 020 | |a 0789006219 | ||
| 040 | |b ita |c importazione bologna sebina | ||
| 041 | 7 | |a eng |2 ISO-639-2 | |
| 100 | 1 | |a Rooney, William |0 IT\ICCU\UBOV\789753 |4 aut | |
| 245 | 1 | 0 | |a Infidelity / |c William Rooney. |
| 260 | |a New York : |b Harrington Pleasure Press, |c [1998] | ||
| 300 | |a 214 p. ; |c 23 cm. | ||
| 942 | |2 ddc |c BK |n 0 | ||
| 952 | |0 0 |1 0 |4 0 |6 DOC_813_540000000000000_ROO |7 0 |9 13444 |a BO |b BO |d 2026-01-15 |i 4961 |l 0 |o DOC 813.54 ROO |p BO4961 |r 2026-01-15 23:18:21 |w 2026-01-15 |x [Sebina 5] [1 v.] |y BK |z 1 v. | ||
| 952 | |0 0 |1 0 |4 0 |6 DOC_813_540000000000000_ROO |7 0 |9 13445 |a BO |b BO |d 2026-01-15 |i 7651 |l 0 |o DOC 813.54 ROO |p BO7651 |r 2026-01-15 23:18:21 |w 2026-01-15 |x [Sebina 5] [1 v.] |y BK |z 1 v. | ||
| 999 | |c 11554 |d 11554 | ||